03247nam a2200421 a 4500001001000000003000900010005001700019007000300036008004100039020001500080040003000095082003000125100004800155240005800203245020300261250001200464260008000476300003900556336002700595337003300622338002800655490002300683500003300706504007400739505135800813534007702171590002602248651007802274651006602352651006602418651007002484700003602554700003802590910004002628942001202668952012802680999001702808000022377DO-SdBPM20250912113554.0ta101006s2006 dr c 000 0 spa d a9945855832 aDO-SdBPMbspacBPMSUerda 4a972.9305bW449v, 20062221 aWelles, Benjamin Sumner,d1892-1961eautor 10aNaboths Vineyard: the Dominican Republic 1844-1924l 13aLa Viña de Naboth :bLa República Dominicana 1844-1924 /cSumner Welles, traducción, Manfredo A. Moore ; corrección, ampliación y actualización de la traducción de Ramón Cedano Melo. a3a. ed. aSanto Domingo :bBanreservas:bSociedad Dominicana de Bibliófilos,c2006. a2 volumenes. :bretrato ;c23 cm. atextobtxt2rdacontent asin mediaciónbn2rdamedia avolumenbnc2rdacarrier0 aBibliófilos 2000 aIncluye índice de nombres. aIncluye referencias bibliográficas y notas al pie de las páginas.0 a v.1: Presentación, por Daniel Toribio 13 -- Introducción, por Mariano Mella 15 -- Prólogo, por Octavio Amiama de Castro 17 -- Prólogo, por Dr. L. S. Rowe 29 -- Introducción 31 -- Capítulo I. Los primeros años de Independencia 71 --Capítulo II. Santana y Báez 127 -- Capítulo III. La Ocupación Española 183 -- Capítulo IV. Repercusiones de la insurrección 241 -- Capítulo V. Negociaciones para la anexión a los Estados Unidos 285 -- Capítulo VI. de Báez a Heureaux 321 -- Capítulo VII. La Dictadura de Ulises Heureaux 345 -- Índice de Nombres 383 -- Tomo II. Presentación, por Daniel Toribio 13 -- Introducción, por Mariano Mella 15 -- Capítulo VIII. Dictadura de Ulises Heureaux (continuación) 17 -- Capítulo IX. La Reacción liberal 49 -- Capítulo X. Corolario de Roosevelt a la Doctrina Monroe 89 -- Capítulo XI. Triunfo del gobierno constitucional y retorno a la anarquía 115 -- Capítulo XII. Sombras de intervención sobre Santo Domingo 157 -- Capítulo XIII. Intervención militar de los Estados Unidos 189 -- Capítulo XIV. Gobierno militar de los Estados Unidos en la República Dominicana 227 -- Capítulo XV. Aurora de una nueva era 253 -- Capítulo XVI. Conclusiones 297 -- Apéndices 321 -- Apéndice I 323 -- Apéndice II 379 -- Bibliografía -- Índice de nombres 383. pTítulo original : tNaboths Vineyard: the Dominican Republic 1844-1924 aInventariado, 2025/VM 7aRepública Dominicana xHistoriayOcupación norteamericana, 1916-1924  7aRepública DominicanaxRelaciones exterioreszEstados Unidos 4aEstados UnidosxRelaciones exterioreszRepública Dominicanaz aDominican Republic --xHistory --yamerican occupation, 1916-19241 aMoore, Manfredo A.,etraductor 1 aCedano Melo, Ramón,etraductor  aVMateo V. Control de calidad BPMSU  2ddccBK 00102ddc4070aBPMETbBPMETd2025-09-12l0oBPMSU CD 972.9305 W449v, 2006pBPMSU25090048r2025-09-12tv.2w2025-09-12yBK c15388d15388